00488nam a22001577a 450000500170000001000150001702000260003203500140005803700130007208200120008510000180009724500740011526000390018927000820022830000200031020200610160658.0 aENG-128187 c250.00a9789353222369 aEN-111719 bDBAD/PUB a954.035 aSharda, Ratan aThe Sangh & Swaraj/cby Ratan Shardabrole of rss in freedom Strugle: aNew DelhibPrabhat Prakashanc2019 a4/19 Asaf Ali RoadbNew Delhie110002k91-11-23289777mprabhatbooks@gmail.com a110p.c22cm(hb)